MDQL
is popping MORE tags! Check the
thread
!
Quizzes
Events
Quiz Creation
Community
Videos
Private Events
Remove Ads
Sign In
Join for FREE
Feedback
Dark Mode
Quiz Categories
Sports
Geography
Music
Movies
Television
Just For Fun
Miscellaneous
History
Literature
Language
Science
Gaming
Entertainment
Religion
Holiday
For Kids
Quiz Lab
Recent
Popular Today
Quiz Kudos Today
Editor Picks
Curator Picks
Quizzes by...
Day
Popularity
Type
Ratings
Length
Year
Community
Subscriptions
Recent Discussions
Orange Saloon
Badges
Playlists
Quests
Create
Leaderboards
Showdown
Live 5
Trivia Bingo
Activity
Puzzle Library
Sporcle Events
Private Events
Virtual Trivia
Globe League
Become a Host
Pub Owners
SporcleCon
Opinionation
Our Games
Videos
Blog
Mobile Apps
Partnerships
Remove Ads and Go Orange
Feedback
Gaming
Video Games
Board Games
Card Games
Pokémon
Mario
Nintendo
Minecraft
Console
Toys
Legend of Zelda
Gaming
Video Games
Board Games
Card Games
Pokémon
Mario
Nintendo
Minecraft
Console
Toys
Legend of Zelda
Random Quiz
Search Sporcle
×
Quiz Lab
Quiz Lab
Gaming
sunset
Type in answers that appear in a list
Type in answers that appear in a list
Classic
Best Score? Go Orange.
Can you name the Sims 3 Sunset Vallians? Stats
Can you name the Can you name the Sims 3 Sunset Vallians??
By
samuelpauls
10m
67 Questions
271 Plays
271 Plays
271 Plays
Comments
Comments
Give Quiz Kudos
Give Quiz Kudos
-
- Ratings
hide this ad
Replay
Link that replays current quiz
Next Quiz
Link to next quiz in quiz playlist
You Got
0%
They Got
Avg Score
51%
Avg Friend Score
Upgrade to see
Score Distribution
Jump to the score distribution portion of the page
Score
0/67
Timer
10:00
0
Plays Today
Age
Names
% Correct
child
Mortimer Goth
76%
child
Bella Bachelor
74.5%
adult
Vita Alto
69.7%
teenager
Holly Alto
69.7%
adult
Nick Alto
67.9%
teenager
Michael Bachelor
65.7%
adult
Gunther Goth
65.7%
adult
Cornelia Goth
65.3%
young adult
Agnes Crumplebottom
65.3%
adult
Nancy Landgraab
63.8%
adult
Simis Bachelor
61.6%
young adult
Jared Frio
61.6%
teenager
Lisa Bunch
60.1%
young adult
Connor Frio
59.8%
young adult
Morgana Wolff
59%
adult
Jack Bunch
59%
adult
Judy Bunch
58.7%
toddler
Sam Sekemoto
58.3%
child
Malcolm Landgraab
57.6%
elderly
Yumi Sekemoto
56.1%
young adult
Jamie Jolina
56.1%
young adult
Christopher Steel
55%
teenager
Ethan Bunch
55%
adult
Geoffrey Landgraab
54.2%
adult
Claire Ursine
54.2%
young adult
Leighton Sekemoto
53.9%
toddler
Darlene Bunch
53.9%
adult
Jocasta Bachelor
53.5%
young adult
Zelda Mae
53.1%
young adult
Bebe Hart
50.6%
young adult
Blair Wainwright
50.6%
young adult
Hank Goddard
50.2%
child
Arlo Bunch
50.2%
teenager
VJ Alvi
50.2%
Age
Names
% Correct
teenager
River McIrish
49.8%
elderly
Gobias Koffi
49.4%
young adult
Pauline Wan
49.4%
adult
Molly French
49.1%
child
Kaylynn Langerak
48.7%
young adult
Justine Keaton
48.7%
young adult
Marty Keaton
48.7%
young adult
Stiles McGraw
48.3%
adult
Erin Kennedy
47.6%
adult
Dustin Langerak
46.9%
teenager
Parker Langerak
46.9%
toddler
Sandi French
46.9%
young adult
Madison VanWatson
45.4%
young adult
Emma Hatch
45.4%
adult
Fiona McIrish
44.6%
elderly
Buster Clavell
44.3%
young adult
Tamara Donner
43.9%
young adult
Xander Clavell
43.5%
elderly
Bessie Clavell
43.2%
adult
Gus Hart
43.2%
adult
Iqbal Alvi
42.4%
adult
Beau Andrews
42.4%
adult
Victoria Andrews
42.4%
child
Miraj Alvi
41.7%
young adult
Thorton Wolff
40.6%
adult
Susan Wainwright
40.6%
adult
Iliana Langerak
40.2%
adult
Boyd Wainwright
39.5%
young adult
Tori Kimura
39.1%
adult
Dorie Hart
38%
young adult
Ayesha Ansari
36.9%
young adult
Monika Morris
36.2%
young adult
Cyc0ne Sw0rd
14.4%
Quiz Playlist
Details
Report
Send in Message
Add To Playlist
Classic:
Type in answers that appear in a list
Last Updated: Feb 16, 2017
Quiz Scoreboard
CHALLENGE
Sign Up to Join the Scoreboard
Show All
Scores
Hide
Comments
May contain spoilers
Recently Published
5x2 Blitz: Bands
by SL_Kpop136
Music
30s
Colored Red Africa Blitz
by spor1
Geography
30s
Find the 'City' Movie
by crazypaving
Movies
60s
More to Explore
Quiz From the Vault
Featured Blog Post
14 Easter Pick-up Lines to Find Eggs With
hide this ad
You Might Also Like...
Tags
sim
Sims 3
sunset
Today's Top Quizzes in Gaming
Browse Gaming
hide this ad
Today's Top Quizzes in sunset
Browse sunset
Top Contributed Quizzes in Gaming
1
Destiny 2 exotic weapons by perk icons
2
Legendary or Exotic?
3
Dead By Daylight Logic Puzzle
4
Genshin murder mystery
5
League of Legends Pro Players by Career/Team History
6
Overwatch Logic Puzzle
7
Stardew Mayhem 2: Electric Boogaloo
8
Windmill: Elements
9
Arcade Game Bunker
10
Valorant Utility Use (Up to Clove)
Explore More
Trending Topics
Kpop
Disney
Marvel
Harry Potter
NBA
Crossword
Anime
Country
Song
Soccer
Pokémon
The Office
NFL
WWE
Puzzle
hide this ad
More By:
samuelpauls
Quiz
Plays
Rating
Category
Featured
Created
Do you know the 200 Simpsons Characters?
869
1.20
Television
Feb 2, 2011
Top 200 girls names of 1960 (World)
386
2.50
Miscellaneous
Feb 5, 2011
Top 100 girls names from 2010?
369
4.00
Miscellaneous
Feb 4, 2011
Can you name the Sims 3 Sunset Vallians?
271
Gaming
Feb 2, 2011
Go to Creator's Profile
Score Distribution
Quiz Creator Spotlight
samuelpauls
Follow
Send a Message
Quizzes Created
-
Created Quiz Play Count
-
More By This Creator
Popular Quizzes Today
1
Find the 'City' Movie
2
5x2 Blitz: Bands
3
Colored Red Africa Blitz
4
Find the US States - No Outlines Minefield
5
The Countries of the World
6
Find the US States
7
9x9 Crossword: Cartoon Network
8
US States
More Gaming Quizzes
Tony Hawk Pro Skater
Published
Trending Quizzes
Colored Red Europe Blitz I
Colored Red Africa Blitz II
Colored Red Europe Blitz III
Colored Red Europe Blitz II
Colored Red Africa Blitz III
Recently Updated
Champions League XIs: Real Madrid
pecheneg
Largest US Cities 1790-2010
pecheneg
Rides in Walt Disney World
pecheneg
Most Oscar Losses (Acting)
pecheneg
Beyoncé Albums
pecheneg
Leaping Animals
pecheneg
Reality TV Shows (A-Z)
bhenderson79
Rickey Henderson's Hall of Fame Teammates
pecheneg
Champions League XIs: Arsenal
pecheneg
Quick Pick: Celebrities in WWE's Hall of Fame
aduchscher
Trending Topics
NBA
Marvel
Disney
Anime
Harry Potter
Kpop
Crossword
Song
Country
WWE
NFL
Soccer
Puzzle
The Office
Pokémon
Your Account Isn't Verified!
In order to create a playlist on Sporcle, you need to verify the email address you used during registration. Go to your
Sporcle Settings
to finish the process.
Report this User
Report this user for behavior that violates our
Community Guidelines
.
Details:
Send Report
Go to the Sporcle.com Mobile Site →
Comments